Statistics for U2 - All Album Songs

Click here to take the quiz!

General Stats

  • This quiz has been taken 144 times
    (139 since last reset)
  • The average score is 40 of 148

Answer Stats

AlbumSong% Correct
The Joshua TreeWith or Without You
81%
Achtung BabyOne
79%
WarSunday Bloody Sunday
79%
The Joshua TreeWhere the Streets Have No Name
72%
WarNew Year's Day
70%
All That You Can't Leave BehindBeautiful Day
69%
Rattle and Hum | The Unforgettable FirePride (In the Name of Love)
68%
ZooropaZooropa
68%
BoyI Will Follow
68%
Rattle and Hum | The Joshua TreeI Still Haven't Found What I'm Looking For
66%
OctoberOctober
64%
The Unforgettable FireThe Unforgettable Fire
62%
Achtung BabyMysterious Ways
59%
The Unforgettable FireBad
54%
ZooropaLemon
54%
Rattle and HumDesire
54%
OctoberGloria
53%
War"40"
50%
Achtung BabyZoo Station
50%
How To Dismantle an Atomic BombVertigo
50%
The Unforgettable FireMLK
49%
Achtung BabyThe Fly
49%
ZooropaNumb
47%
Rattle and HumAll I Want Is You
44%
Rattle and HumHelter Skelter
43%
Achtung BabyUntil the End of the World
42%
Rattle and HumAngel of Harlem
42%
The Joshua TreeOne Tree Hill
41%
Achtung BabyEven Better Than the Real Thing
41%
The Joshua TreeRed Hill Mining Town
41%
Achtung BabyAcrobat
40%
All That You Can't Leave BehindElevation
40%
Achtung BabyWho's Gonna Ride Your Wild Horses
39%
The Unforgettable FireA Sort of Homecoming
39%
The Joshua TreeRunning to Stand Still
37%
No Line on the HorizonNo Line on the Horizon
37%
PopDiscothèque
37%
Achtung BabyLove Is Blindness
37%
The Joshua TreeIn God's Country
37%
The Joshua TreeMothers of the Disappeared
36%
Rattle and HumVan Diemen's Land
34%
All That You Can't Leave BehindWalk On
34%
Rattle and HumWhen Love Comes to Town
33%
WarTwo Hearts Beat as One
33%
All That You Can't Leave BehindNew York
32%
The Joshua TreeExit
32%
Achtung BabyUltraviolet (Light My Way)
32%
WarSeconds
30%
All That You Can't Leave BehindKite
29%
Achtung BabySo Cruel
29%
BoyThe Electric Co.
29%
The Unforgettable FireWire
29%
BoyAn Cat Dubh
29%
No Line on the HorizonMagnificent
27%
PopStaring at the Sun
27%
How To Dismantle an Atomic BombCity of Blinding Lights
27%
OctoberI Threw a Brick Through a Window
26%
BoyOut of Control
26%
WarSurrender
26%
BoyTwilight
24%
The Joshua TreeTrip Through Your Wires
24%
BoyStories for Boys
24%
Rattle and HumAll Along the Watchtower
24%
ZooropaThe Wanderer
23%
BoyShadows and Tall Tree
23%
WarLike a Song…
23%
All That You Can't Leave BehindStuck in a Moment You Can't Get Out Of
22%
Rattle and HumSilver and Gold
21%
The Unforgettable FireElvis Presley and America
21%
WarThe Refugee
21%
Rattle and HumGod Part II
21%
The Unforgettable FireIndian Summer Sky
21%
PopMiami
20%
Songs of InnocenceThe Miracle (Of Joey Ramone)
20%
No Line on the HorizonGet On Your Boots
20%
ZooropaDaddy's Gonna Pay for Your Crashed Car
20%
PopIf God Will Send His Angels
20%
ZooropaStay (Faraway, So Close)
20%
Rattle and HumHeartland
20%
ZooropaBabyface
20%
BoyAnother Time, Another Place
19%
OctoberFire
19%
Rattle and HumHawkmoon 269
18%
PopMofo
18%
BoyThe Ocean
17%
How To Dismantle an Atomic BombSometimes You Can't Make It on Your Own
17%
All That You Can't Leave BehindGrace
17%
OctoberRejoice
17%
WarDrowning Man
17%
Songs of InnocenceEvery Breaking Wave
17%
WarRed Light
17%
Achtung BabyTryin' to Throw Your Arms Around the World
17%
No Line on the HorizonCedars of Lebanon
17%
How To Dismantle an Atomic BombYahweh
17%
How To Dismantle an Atomic BombMiracle Drug
16%
Rattle and HumLove Rescue Me
16%
PopPlease
16%
PopWake Up Dead Man
14%
All That You Can't Leave BehindIn a Little While
14%
OctoberTomorrow
14%
No Line on the HorizonMoment of Surrender
13%
All That You Can't Leave BehindWild Honey
13%
How To Dismantle an Atomic BombAll Because of You
13%
The Unforgettable FirePromenade
13%
The Unforgettable Fire4th of July
13%
No Line on the HorizonFez - Being Born
12%
How To Dismantle an Atomic BombCrumbs from Your Table
12%
PopThe Playboy Mansion
12%
PopGone
12%
Songs of InnocenceThe Troubles
11%
BoyA Day Without Me
11%
Songs of InnocenceCedarwood Road
11%
Rattle and Hum | The Joshua TreeBullet in the Blue Sky
11%
Songs of InnocenceIris (Hold Me Close)
11%
Rattle and HumFreedom for My People
11%
OctoberIs That All?
11%
How To Dismantle an Atomic BombOriginal of the Species
11%
No Line on the HorizonI'll Go Crazy If I Don't Go Crazy Tonight
10%
Songs of InnocenceSleep Like a Baby Tonight
10%
Songs of InnocenceVolcano
10%
No Line on the HorizonBreathe
10%
OctoberScarlet
10%
OctoberStranger in a Strange Land
10%
All That You Can't Leave BehindPeace on Earth
10%
No Line on the HorizonUnknown Caller
10%
How To Dismantle an Atomic BombA Man and a Woman
10%
PopIf You Wear That Velvet Dress
10%
How To Dismantle an Atomic BombLove and Peace or Else
10%
PopLast Night On Earth
10%
ZooropaDirty Day
10%
Songs of InnocenceRaised by Wolves
9%
PopDo You Feel Loved
9%
OctoberWith a Shout (Jerusalem)
9%
OctoberI Fall Down
9%
ZooropaSome Days Are Better Than Others
9%
ZooropaThe First Time
9%
No Line on the HorizonWhite as Snow
8%
Songs of InnocenceCalifornia (There Is No End to Love)
8%
All That You Can't Leave BehindWhen I Look at the World
8%
Songs of InnocenceThis Is Where You Can Reach Me Now
8%
Rattle and HumThe Star Spangled Banner
8%
Songs of InnocenceSong for Someone
7%
No Line on the HorizonStand Up Comedy
7%
BoyInto the Heat
6%
How To Dismantle an Atomic BombOne Step Closer
0%

Score Distribution

Percentile by Number Answered

Percent of People with Each Score

Your Score History

You have not taken this quiz since the last reset